00457ntaaa2200157 45000030003000000050017000030080021000200400037000410820017000781000031000952450037001262500010001632600052001733000026002256500048002510120251027202319.00714s1973 ag 01  aAR-BaBNbspacAR-BaBNeaacrdRIC a280.1000 W89 aWorld Council of Churches  aPanfletos movimiento ecuménico a1 ed. aNew York : bWorld Council of Churches, cnb.f. a4 folletos en carpeta aConcilio mundial de iglesias-constitución